South Carolina Gamecocks Passing Leaders (Career) - Statistics

General Stats
  • This quiz has been taken 59 times
  • The average score is 5 of 10
Answer Stats
Passing Yards Career Answer % Correct
5. 6,074 2010-2013 Connor Shaw
96%
3. 7,597 2008-2011 Stephen Garcia
94%
4. 7,527 2016-2019 Jake Bentley
79%
8. 5,391 2011-2014 Dylan Thompson
64%
1. 9,519 1986-1989 Todd Ellis
45%
2. 8,555 1992-1995 Steve Taneyhill
30%
6. 5,992 2004-2007 Blake Mitchell
23%
9. 5,254 1998-2001 Phil Petty
21%
7. 5,641 1995-1998 Anthony Wright
15%
10. 4,896 1990-1991 Bobby Fuller
6%
No matching quizzes found
Score Distribution
Percent of People with Each Score
Percentile by Number Answered
Your Score History
You have not taken this quiz